[Event "Druzynowe Mistrzostwa Polski w Szachach I LIGA 2021"]
[Site "Szklarska Poreba"]
[Date "1899-12-30"]
[Round "5.65"]
[White "Skurniak, Szymon"]
[Black "Bajerlein, Dawid"]
[Result "0-1"]
[WhiteTitle "k"]
[BlackTitle "k+"]
[WhiteElo "2080"]
[BlackElo "2036"]

1. Nf3 Nf6 2. c4 d6 3. d4 g6 4. Nc3 Bg7 5. e4 O-O 6. Be2 e5 7. Be3 Nc6 8. h3 exd4
9. Nxd4 Nxd4 10. Bxd4 Re8 11. Qd3 Bd7 12. Bxf6 Qxf6 13. Nd5 Qxb2 14. O-O Rac8
15. Rab1 Qxa2 16. Rxb7 Qa5 17. Qe3 a6 18. Qg5 Kh8 19. Bg4 Be6 20. Qh4 Bxd5 21.
Bxc8 Bxb7 22. Bxb7 Qb6 23. Bd5 Rf8 24. Qe7 f5 25. exf5 Rxf5 26. Bf7 Qb8 27. g4
Rf4 28. Bd5 Qf8 29. Qxf8+ Rxf8 30. Kg2 Rb8 31. Re1 Be5 32. f4 Bxf4 33. Re7 a5
34. Rxc7 Bd2 35. Ra7 Rf8 36. Ra6 Bb4 37. Ra7 Be1 38. Bf3 Rc8 39. Bd5 Rf8 40. Bf3
Bc3 41. Ra6 Bb4 42. Ra7 Rf4 43. Bd5 g5 44. Rb7 Bc5 45. Rb8+ Kg7 46. Ra8 Bb4 47.
Ra7+ Kg6 48. Ra6 Kg7 49. Ra7+ Kf6 50. Rxh7 a4 51. Rf7+ Ke5 52. Rg7 a3 53. Rxg5+
Kf6 54. Rg8 Bc5 55. g5+ Kf5 56. Bf3 Rxc4 57. g6 Rc2+ 58. Kh1 a2 59. Ra8 Bd4 60.
Bd1 Rd2 61. Bb3 a1=Q+ 0-1

[Event "Druzynowe Mistrzostwa Polski w Szachach I LIGA 2021"]
[Site "Szklarska Poreba"]
[Date "1899-12-30"]
[Round "5.66"]
[White "Kostecka, Marika"]
[Black "Czerwinska, Milena"]
[Result "0-1"]
[WhiteTitle "WCM"]
[BlackTitle "WFM"]
[WhiteElo "1834"]
[BlackElo "1983"]

1. e4 d6 2. d4 Nf6 3. Nc3 e5 4. Nf3 Nbd7 5. Bc4 Be7 6. O-O O-O 7. h3 c6 8. a4 a5
9. Be3 Qc7 10. d5 Nb6 11. Bb3 cxd5 12. Bxb6 Qxb6 13. Nxd5 Nxd5 14. Bxd5 Be6 15.
Qd2 Rac8 16. c3 Bxd5 17. exd5 h6 18. Rfe1 Bf6 19. Re2 Rc5 20. Ra3 Rfc8 21. Qd3
g6 22. Qe3 Bg7 23. h4 Qc7 24. Rd2 f5 25. Qe1 Qf7 26. Qd1 Qe7 27. Qe1 e4 28. Nd4
Bxd4 29. Rxd4 Qxh4 30. Rb3 R8c7 31. Rb6 Qf6 32. Qe3 Kg7 33. Qf4 Rd7 34. b4 Rxc3
35. Rd1 axb4 36. Rxb4 Rd3 37. Rdb1 Qe7 38. Rb5 Ra3 39. a5 e3 40. fxe3 Rxe3 41.
Qb4 Re4 42. Qb2+ Kg8 43. Rxb7 Rxb7 44. Qxb7 Re1+ 45. Rxe1 Qxb7 0-1

[Event "Druzynowe Mistrzostwa Polski w Szachach I LIGA 2021"]
[Site "Szklarska Poreba"]
[Date "1899-12-30"]
[Round "5.67"]
[White "Marczuk, Dominik"]
[Black "Goluch, Piotr"]
[Result "1/2-1/2"]
[WhiteTitle "FM"]
[BlackTitle "IM"]
[WhiteElo "2280"]
[BlackElo "2318"]

1. c4 e5 2. g3 Nf6 3. Bg2 d5 4. cxd5 Nxd5 5. Nc3 Nb6 6. Nf3 Nc6 7. O-O Be7 8. d3
O-O 9. Be3 Be6 10. Rc1 f6 11. a3 Qd7 12. Ne4 Nd5 13. Bc5 b6 14. Bxe7 Ncxe7 15.
d4 exd4 16. Nxd4 Bf7 17. b4 c6 18. Qa4 a5 19. b5 c5 20. Nf3 Rad8 21. Rfd1 Qe6
22. Rd2 Bg6 23. Nh4 Bf7 24. Rcd1 h6 25. Qc2 f5 26. Nc3 Nxc3 27. Rxd8 Nxd1 28.
Rxd1 Re8 29. e4 f4 30. Nf5 Nxf5 31. exf5 Qe5 32. Bc6 Rf8 33. Qd3 Bh5 34. Qd5+
Qxd5 35. Rxd5 fxg3 36. hxg3 Bf3 37. Rd6 Rxf5 1/2-1/2

[Event "Druzynowe Mistrzostwa Polski w Szachach I LIGA 2021"]
[Site "Szklarska Poreba"]
[Date "1899-12-30"]
[Round "5.68"]
[White "Dzida, Kamil"]
[Black "Chmiel, Marcin"]
[Result "1-0"]
[WhiteTitle "k+"]
[BlackTitle "k+"]
[WhiteElo "2224"]
[BlackElo "2232"]

1. e4 c5 2. Nf3 d6 3. d4 cxd4 4. Nxd4 Nf6 5. Nc3 a6 6. Be2 e6 7. f4 Be7 8. Be3
Nc6 9. g4 Nd7 10. g5 Qc7 11. Qd2 b5 12. a3 Bb7 13. O-O-O b4 14. axb4 Nxb4 15.
Nb3 O-O 16. f5 Rfc8 17. fxe6 fxe6 18. Bg4 Nf8 19. Rhf1 a5 20. Nd4 a4 21. Nxe6
Nxe6 22. Bxe6+ Kh8 23. Bd4 Rg8 24. g6 Bxe4 25. Nxe4 d5 26. gxh7 Kxh7 27. Bf5+
g6 28. Ng5+ Bxg5 29. Qxg5 Rg7 30. Qh5+ Kg8 31. Be6+ 1-0

[Event "Druzynowe Mistrzostwa Polski w Szachach I LIGA 2021"]
[Site "Szklarska Poreba"]
[Date "1899-12-30"]
[Round "5.69"]
[White "Gbyl, Andrzej"]
[Black "Jankowiak, Tomasz"]
[Result "1-0"]
[WhiteTitle "k+"]
[BlackTitle "k"]
[WhiteElo "2204"]
[BlackElo "2169"]

1. d4 d5 2. c4 c6 3. Nf3 Nf6 4. Qc2 dxc4 5. Qxc4 b5 6. Qc2 Bb7 7. a4 e6 8. e4 a6
9. Bg5 Qa5+ 10. Bd2 b4 11. Bd3 Nbd7 12. O-O c5 13. d5 exd5 14. exd5 Bd6 15. Re1+
Kf8 16. Na3 Qc7 17. Nc4 Bxd5 18. Nxd6 Qxd6 19. Rad1 Bxf3 20. gxf3 Ne5 21. Be2
Nc6 22. Be3 Nd4 23. Qc4 Rd8 24. Bxd4 cxd4 25. Qxa6 Qf4 26. Qb6 Rd5 27. Qxb4+ Kg8
28. Qd2 Qh4 29. Bf1 h5 30. Rc1 Rg5+ 31. Kh1 Rh6 32. Rc8+ Kh7 33. Bd3+ g6 34. Rc7
Kg7 35. Bc4 Nd5 36. Rd7 Qh3 37. Qxg5 Qxf3+ 38. Qg2 Qf4 39. Qxd5 1-0

[Event "Druzynowe Mistrzostwa Polski w Szachach I LIGA 2021"]
[Site "Szklarska Poreba"]
[Date "1899-12-30"]
[Round "5.70"]
[White "Jankowiak, Piotr"]
[Black "Golda, Sebastian"]
[Result "0-1"]
[WhiteTitle "k"]
[BlackTitle "k"]
[WhiteElo "2080"]
[BlackElo "2053"]

1. d4 c5 2. d5 d6 3. e4 g6 4. f4 Bg7 5. Nf3 Nf6 6. Nc3 O-O 7. Bc4 b5 8. Bxb5 Nxe4
9. Nxe4 Qa5+ 10. Nc3 Bxc3+ 11. bxc3 Qxb5 12. Kf2 Re8 13. Re1 Qa4 14. Qd2 Bf5 15.
Re2 Nd7 16. h3 Nf6 17. Kg1 Qc4 18. Qe1 Nxd5 19. g4 Nxf4 20. Bxf4 Qxf4 21. Nh4
Bd7 22. Ng2 Qf6 23. Qg3 Bc6 24. Rf1 Qg7 25. Ref2 Rf8 26. Re1 Rae8 27. Nf4 e5 28.
Ng2 f5 29. gxf5 gxf5 30. Qd3 Rf6 31. Kh2 Kh8 32. Nh4 Rg8 33. Ref1 f4 0-1

[Event "Druzynowe Mistrzostwa Polski w Szachach I LIGA 2021"]
[Site "Szklarska Poreba"]
[Date "1899-12-30"]
[Round "5.71"]
[White "Warchol, Bartosz"]
[Black "Statucki, Maciej"]
[Result "1/2-1/2"]
[WhiteTitle "I++"]
[BlackTitle "I"]
[WhiteElo "1897"]
[BlackElo "1833"]

1. d4 Nf6 2. c4 e6 3. Nf3 d5 4. g3 dxc4 5. Bg2 Bb4+ 6. Bd2 c5 7. dxc5 Bxc5 8. Qa4+
Nbd7 9. Qxc4 b5 10. Qxb5 Rb8 11. Qa4 Rxb2 12. O-O O-O 13. Nc3 Nb6 14. Qf4 Bb7
15. Rab1 Rxb1 16. Rxb1 Qe7 17. Ne5 Bxg2 18. Kxg2 Qc7 19. Nd3 Bd6 20. Qf3 a6 21.
Ne4 Nxe4 22. Qxe4 Qc4 23. Qxc4 Nxc4 24. Bb4 Rb8 25. Rb3 Bxb4 26. Nxb4 a5 27. Nc6
Ra8 28. Rc3 Nb6 29. Ne5 f6 30. Rc6 Nd5 31. Nd3 Nb4 32. Nxb4 axb4 33. Rc2 Ra3 34.
Rb2 e5 35. e3 Kf7 36. Kf3 Ke6 37. Rxb4 Rxa2 38. Rb7 g5 39. Rxh7 g4+ 40. Kg2 e4
41. h3 gxh3+ 42. Rxh3 f5 43. Rh6+ Ke5 44. Rh8 Kf6 45. Re8 Kg5 46. Rg8+ Kh5 47.
g4+ fxg4 48. Rd8 Ra5 49. Re8 Rf5 50. Rxe4 Kg5 51. Re8 Rf3 52. Rg8+ Kh5 53. Rd8
Kg5 54. Rd4 Kf5 55. Rd5+ Kf6 56. Rd8 Rh3 57. Rg8 Kf5 58. Kf1 Rh1+ 59. Ke2 Ra1
60. Rf8+ Ke5 61. Rg8 Rg1 62. Kd3 Rd1+ 63. Ke2 Rg1 64. Rf8 Ra1 65. Rd8 Ra2+ 66.
Kf1 g3 67. Re8+ Kf5 68. Rf8+ Ke5 69. f3 Rf2+ 70. Kg1 Re2 71. Re8+ Kf5 72. e4+
Kg5 73. Rf8 Kh4 74. Rh8+ Kg5 75. Rf8 Kh4 76. Rg8 Rf2 77. Rf8 Re2 78. Rh8+ Kg5
79. Rf8 Kh4 80. Rh8+ 1/2-1/2

[Event "Druzynowe Mistrzostwa Polski w Szachach I LIGA 2021"]
[Site "Szklarska Poreba"]
[Date "1899-12-30"]
[Round "5.72"]
[White "Czarniecka, Aleksandra"]
[Black "Dylag, Emilia"]
[Result "1-0"]
[WhiteTitle "m"]
[BlackTitle "WFM"]
[WhiteElo "2021"]
[BlackElo "2065"]

1. e4 e5 2. Nf3 Nc6 3. Bb5 a6 4. Ba4 Nf6 5. O-O b5 6. Bb3 Bc5 7. c3 d6 8. a4 Rb8
9. d4 Bb6 10. a5 Ba7 11. h3 O-O 12. Be3 Ra8 13. Nbd2 h6 14. Re1 Re8 15. Qc2 exd4
16. Bxd4 Nxd4 17. cxd4 Bb7 18. e5 Nd5 19. Qf5 Qc8 20. Qh5 Qd7 21. Ne4 Nf4 22.
Qh4 Ng6 23. Qg3 d5 24. Nc3 Rad8 25. Bc2 Qe6 26. b4 Qc6 27. Bxg6 Qxg6 28. Qh4 Bc8
29. Ne2 Qe4 30. Nf4 Qf5 31. Qg3 Kh8 32. Rac1 Re7 33. Nh4 Qg5 34. Qxg5 hxg5 35.
Nhg6+ fxg6 36. Nxg6+ Kh7 37. Nxe7 Bxd4 38. Nc6 1-0

[Event "Druzynowe Mistrzostwa Polski w Szachach I LIGA 2021"]
[Site "Szklarska Poreba"]
[Date "1899-12-30"]
[Round "5.74"]
[White "Chojnacki, Krzysztof"]
[Black "Kumala, Aleksander"]
[Result "1/2-1/2"]
[WhiteTitle "IM"]
[BlackTitle "CM"]
[WhiteElo "2377"]
[BlackElo "2140"]

1. d4 Nf6 2. c4 e5 3. dxe5 Ng4 4. e4 Nxe5 5. f4 Nec6 6. Nc3 Bc5 7. Qg4 O-O 8. f5
Ne5 9. Qg3 Re8 10. Bf4 Nbc6 11. O-O-O f6 12. Nf3 Kh8 13. Be2 a6 14. Nxe5 Nxe5
15. Qh4 c6 16. Bh5 Re7 17. Bg6 Qg8 18. g4 b5 19. Kb1 bxc4 20. Rhf1 d6 21. g5 fxg5
22. Bxg5 Rb7 23. Bc1 Rab8 24. Rf4 h6 25. Qg3 Nd3 26. Rxd3 cxd3 27. Qxd3 Bd7 28.
Na4 Be8 29. Nxc5 dxc5 30. Rg4 Bxg6 31. Rxg6 Qd8 32. Rd6 Qh4 33. f6 gxf6 34. e5
c4 35. Qf3 Qxh2 36. Qxf6+ Kg8 37. Qg6+ Kh8 38. Qf6+ Kg8 39. Qg6+ Kh8 40. Qf6+
1/2-1/2

[Event "Druzynowe Mistrzostwa Polski w Szachach I LIGA 2021"]
[Site "Szklarska Poreba"]
[Date "1899-12-30"]
[Round "5.75"]
[White "Kasperek, Ryszard"]
[Black "Raczynski, Krzysztof"]
[Result "0-1"]
[WhiteTitle "m"]
[BlackTitle "k+"]
[WhiteElo "2163"]
[BlackElo "2193"]

1. e4 c5 2. Nf3 d6 3. d4 cxd4 4. Nxd4 Nf6 5. Nc3 a6 6. h3 e5 7. Nde2 h5 8. g3 Be7
9. Bg2 Be6 10. a4 Nbd7 11. O-O Rc8 12. b3 Nc5 13. f4 b5 14. axb5 axb5 15. fxe5
dxe5 16. Qxd8+ Bxd8 17. Nxb5 O-O 18. Nd6 Rc6 19. Rd1 Bb6 20. Be3 Nxb3 21. cxb3
Bxe3+ 22. Kh1 Rc2 23. Bf1 Bc5 24. Rac1 Rxc1 25. Nb5 0-1

[Event "Druzynowe Mistrzostwa Polski w Szachach I LIGA 2021"]
[Site "Szklarska Poreba"]
[Date "1899-12-30"]
[Round "5.76"]
[White "Wojdak, Jan"]
[Black "Kanarkiewicz, Michal"]
[Result "1/2-1/2"]
[WhiteTitle "I++"]
[BlackTitle "k"]
[WhiteElo "2185"]
[BlackElo "2046"]

1. e4 c5 2. Nf3 d6 3. Bb5+ Bd7 4. c4 g6 5. O-O Bg7 6. Nc3 Nf6 7. d4 cxd4 8. Nxd4
O-O 9. Bxd7 Nbxd7 10. Qe2 Rc8 11. Rd1 a6 12. Nc2 Qa5 13. Ne3 Rfe8 14. Bd2 Qc5
15. Rac1 Ne5 16. b3 Nc6 17. Ned5 Nd4 18. Nxf6+ Bxf6 19. Qd3 Nc6 20. Be3 Qh5 21.
Qd2 Bg7 22. Nd5 e6 23. Nb4 Qa5 24. Nxc6 Qxd2 25. Ne7+ Rxe7 26. Rxd2 Rd7 27. Rcd1
Rc6 28. Bf4 e5 29. Be3 Kf8 30. Rd5 Ke7 31. a4 b6 32. f3 Ke6 33. Bc1 Bf6 34. Kf2
Rb7 35. Ba3 Be7 36. Bb4 h5 37. g3 h4 38. Ke3 hxg3 39. hxg3 Rb8 40. Rh1 Rcc8 41.
f4 Rh8 42. Rxh8 exf4+ 43. gxf4 Rxh8 44. f5+ gxf5 45. exf5+ Kd7 46. Kd3 Rh3+ 47.
Kc2 Rh2+ 48. Kb1 a5 49. Bd2 Kc6 50. Kc1 Rf2 51. Rb5 Rg2 52. Be3 Bg5 53. Bxg5 Rxg5
54. Kd2 1/2-1/2

[Event "Druzynowe Mistrzostwa Polski w Szachach I LIGA 2021"]
[Site "Szklarska Poreba"]
[Date "1899-12-30"]
[Round "5.77"]
[White "Zurkowski, Andrzej"]
[Black "Bardeli, Lukasz"]
[Result "1/2-1/2"]
[WhiteTitle "k+"]
[BlackTitle "FM"]
[WhiteElo "2031"]
[BlackElo "2178"]

1. d4 Nf6 2. Nf3 g6 3. g3 Bg7 4. Bg2 O-O 5. O-O d5 6. Nbd2 b6 7. b3 Bb7 8. Bb2
Nbd7 9. c4 e6 10. Rc1 Ne4 11. Qc2 Rc8 12. Nxe4 dxe4 13. Ne5 f5 14. Rcd1 Nxe5 15.
dxe5 Qe7 16. Rd2 Bc6 17. c5 Bd5 18. Rc1 c6 19. Bd4 Qc7 20. Qb2 b5 21. e3 b4 22.
Bf1 a5 23. Ra1 Ra8 24. a3 bxa3 25. Rxa3 Rfb8 26. Qc3 Ra7 27. Rda2 Rba8 28. Ra4
g5 29. R2a3 g4 30. Be2 Bf8 31. Qa1 Rb8 32. Bd1 Rb5 33. Qc3 Qd8 34. Be2 Rb8 35.
Bc4 Rba8 36. Ra2 Rb8 37. Rxa5 Rxa5 38. Rxa5 Bxc4 39. bxc4 Rb1+ 40. Kg2 Qb8 41.
Ra6 Qe8 42. Ra1 Rb7 43. Qa5 h5 44. Qa8 Rb8 45. Qa7 h4 46. gxh4 Rd8 47. Rb1 f4
48. Kh1 Qh5 49. Rg1 Qxh4 50. Qa1 Qh3 51. Qf1 Qh5 52. Qg2 g3 53. exf4 Rxd4 54.
Qxg3+ Kf7 55. Qg8+ Ke7 56. Rg3 Rd3 57. Rg4 Rh3 58. Qg5+ Kd7 59. Qxh5 Rxh5 60.
Kg2 Bxc5 61. Rg7+ Be7 62. Rg8 Rf5 63. Kg3 Bf8 64. Rh8 Ke7 65. Kg4 Kf7 66. Rh7+
Bg7 67. Rh3 Bf8 68. Re3 Bc5 69. Rxe4 Bxf2 70. h4 Kg6 71. Re2 Bd4 72. Kf3 Kh5 73.
Ke4 c5 74. Ra2 Rf8 75. Ra7 Re8 76. Rh7+ Kg6 77. Ra7 Bf2 78. Rc7 Rd8 79. Rc6 Rd4+
80. Kf3 Bxh4 81. Kg4 Be7 82. Rxe6+ Kf7 83. Rh6 Rxc4 84. Kf5 Ra4 85. Rh7+ Ke8 86.
Ke6 Ra6+ 87. Kd5 Kd7 88. f5 Ra4 89. e6+ Kd8 90. Rh8+ Kc7 91. Rh7 Kd8 92. Rh8+
Kc7 93. Rh7 Kd8 1/2-1/2

[Event "Druzynowe Mistrzostwa Polski w Szachach I LIGA 2021"]
[Site "Szklarska Poreba"]
[Date "1899-12-30"]
[Round "5.78"]
[White "Szelag, Zuzanna"]
[Black "Kasperek, Joanna"]
[Result "0-1"]
[WhiteTitle "k"]
[BlackTitle "k++"]
[WhiteElo "1839"]
[BlackElo "2053"]

1. e4 c5 2. Nf3 e6 3. b3 Nf6 4. e5 Nd5 5. c4 Nc7 6. Bb2 Be7 7. g3 O-O 8. Bg2 Nc6
9. O-O f6 10. Qe2 fxe5 11. Nxe5 Nd4 12. Bxd4 cxd4 13. Be4 Ne8 14. Ng4 Nf6 15.
Nxf6+ Bxf6 16. d3 d5 17. Bg2 Qd6 18. Nd2 Bd7 19. cxd5 exd5 20. Qh5 Bc6 21. Rfe1
g6 22. Qg4 Rae8 23. h4 Kh8 24. Bh3 Bb5 25. Rxe8 Rxe8 26. Qf3 Rf8 27. a4 Bc6 28.
Qg4 Qb4 29. Rd1 b5 30. Qe6 Qc3 31. a5 Bg7 32. Qd6 Bb7 33. a6 Bc8 34. Bxc8 Rxc8
35. Qd7 Qc2 36. Qg4 Re8 37. Qf3 Rf8 38. Qe2 Qc6 39. Ra1 Re8 40. Qf3 Qc3 41. Rd1
Qc6 42. Ra1 Qc2 43. Rd1 Bh6 44. Qf6+ Kg8 45. Qf3 Re5 46. Qg4 Bxd2 47. Rxd2 Qxd2
48. Qc8+ Kf7 49. Qd7+ Re7 50. Qxd5+ Kg7 51. Qxd4+ Kh6 52. Qf6 Qe1+ 53. Kg2 Qe5
54. Qf8+ Rg7 55. g4 Qd5+ 56. Kg1 Qf7 57. Qc5 Rg8 58. Qe5 Re8 59. g5+ Kh5 60. Qg3
Qf5 61. d4 Qg4 62. Kg2 Qxg3+ 63. Kxg3 Rd8 64. Kf3 Rxd4 0-1

[Event "Druzynowe Mistrzostwa Polski w Szachach I LIGA 2021"]
[Site "Szklarska Poreba"]
[Date "1899-12-30"]
[Round "6.1"]
[White "Paszewski, Mateusz"]
[Black "Tomczak, Jacek"]
[Result "1/2-1/2"]
[WhiteTitle "FM"]
[BlackTitle "GM"]
[WhiteElo "2282"]
[BlackElo "2589"]

1. d4 Nf6 2. c4 d6 3. Nf3 g6 4. g3 Bg7 5. Bg2 O-O 6. O-O Nc6 7. Nc3 Rb8 8. d5 Na5
9. b3 a6 10. Bd2 c5 11. dxc6 bxc6 12. Rc1 c5 13. Nd5 Nc6 14. Bc3 Nd7 15. Qd2 Bb7
16. Bxg7 Kxg7 17. h4 Nce5 18. h5 Bxd5 19. cxd5 Nxf3+ 20. Bxf3 Rb4 21. Kg2 h6 22.
hxg6 fxg6 23. Rh1 Rh8 24. Qc3+ Ne5 25. a3 Rd4 26. e3 Rd3 27. Qb2 Qb6 28. b4 cxb4
29. axb4 Kh7 30. Be4 Rf8 31. Rh4 Qb5 32. Rch1 Kg8 33. Rxh6 Qc4 34. R6h4 Rb3 35.
Qa1 Rxb4 36. Rh8+ Kf7 37. R8h4 Qb5 38. Qc3 Rc4 39. Qd2 Qc5 40. Qb2 Qb5 41. Qd2
Rg8 42. Rb1 Qc5 43. Rb7 g5 44. Rh7+ Rg7 45. Rxg7+ Kxg7 46. Bb1 Kf7 47. f4 Ng4
48. Qd3 Nxe3+ 49. Kh2 Ng4+ 50. Kg2 Ne3+ 51. Kh2 Ng4+ 1/2-1/2

[Event "Druzynowe Mistrzostwa Polski w Szachach I LIGA 2021"]
[Site "Szklarska Poreba"]
[Date "1899-12-30"]
[Round "6.2"]
[White "Laurusas, Tomas"]
[Black "Koziorowicz, Michal"]
[Result "1-0"]
[WhiteTitle "IM"]
[BlackTitle "k+"]
[WhiteElo "2574"]
[BlackElo "2274"]

1. d4 Nf6 2. c4 g6 3. Nc3 Bg7 4. e4 d6 5. Nf3 O-O 6. Be2 e5 7. Be3 exd4 8. Nxd4
Re8 9. f3 c6 10. Bf2 d5 11. exd5 cxd5 12. O-O Nc6 13. c5 Bf8 14. Kh1 Bd7 15. Qd2
Rc8 16. Nxc6 bxc6 17. b4 Bg7 18. Rac1 Rb8 19. a3 Nh5 20. g4 Nf6 21. Qf4 a5 22.
bxa5 Rb2 23. Bd4 Rbxe2 24. Nxe2 Rxe2 25. a6 g5 26. Qxg5 Qc7 27. Rf2 h6 28. Qh4
Qf4 29. Rxe2 Qxc1+ 30. Kg2 Qc4 31. Rd2 Ne8 32. Bxg7 Kxg7 33. Qe7 Nf6 34. Qe5 Kg6
35. a7 Qa4 36. Qb8 Bxg4 37. a8=Q Bxf3+ 38. Kg1 Qe4 39. Qg3+ Kh7 40. Qb7 Qe3+ 41.
Kf1 1-0

[Event "Druzynowe Mistrzostwa Polski w Szachach I LIGA 2021"]
[Site "Szklarska Poreba"]
[Date "1899-12-30"]
[Round "6.3"]
[White "Ciesla, Adam"]
[Black "Warakomski, Tomasz"]
[Result "0-1"]
[WhiteTitle "m"]
[BlackTitle "GM"]
[WhiteElo "2276"]
[BlackElo "2513"]

1. e4 c5 2. Nf3 e6 3. d4 cxd4 4. Nxd4 a6 5. Nc3 Qc7 6. Bd3 Nc6 7. Be3 Nf6 8. O-O
Nxd4 9. Bxd4 Bc5 10. Bxf6 gxf6 11. Qh5 Qe5 12. Qh3 h5 13. Kh1 Qf4 14. Rad1 b5
15. a4 b4 16. Ne2 Qg4 17. Qg3 Qxg3 18. fxg3 Ke7 19. Rf4 d6 20. Rdf1 Rh6 21. g4
hxg4 22. Rxg4 Bb7 23. h3 f5 24. Rgf4 f6 25. Kh2 fxe4 26. Bxe4 d5 27. Rg4 Bc6 28.
Bd3 f5 29. Bxf5 exf5 30. Rxf5 Rf8 31. Rxf8 Kxf8 32. b3 Bd7 33. Rg5 Be6 34. Kg3
Be7 0-1

[Event "Druzynowe Mistrzostwa Polski w Szachach I LIGA 2021"]
[Site "Szklarska Poreba"]
[Date "1899-12-30"]
[Round "6.4"]
[White "Kantans, Toms"]
[Black "Tomaszewski, Roman"]
[Result "1-0"]
[WhiteTitle "GM"]
[BlackTitle "IM"]
[WhiteElo "2481"]
[BlackElo "2193"]

1. e4 c5 2. Nf3 g6 3. d4 cxd4 4. Nxd4 Bg7 5. c4 Nc6 6. Be3 Nf6 7. Nc3 Ng4 8. Qxg4
Nxd4 9. Qd1 Ne6 10. Rc1 d6 11. b4 O-O 12. Be2 b6 13. f4 Bb7 14. f5 Nc7 15. O-O
Ne8 16. Qd3 Nf6 17. Bg5 a5 18. b5 Rc8 19. h4 Kh8 20. Qe3 Nd7 21. Nd5 Bxd5 22.
exd5 Be5 23. fxg6 hxg6 24. h5 f6 25. hxg6 Kg7 26. Bh6+ Kxg6 27. Qh3 1-0

[Event "Druzynowe Mistrzostwa Polski w Szachach I LIGA 2021"]
[Site "Szklarska Poreba"]
[Date "1899-12-30"]
[Round "6.5"]
[White "Bednarski, Dawid"]
[Black "Schippers, Maurice"]
[Result "0-1"]
[WhiteTitle "I+"]
[BlackTitle "FM"]
[WhiteElo "2016"]
[BlackElo "2285"]

1. e4 c5 2. Nf3 e6 3. d4 cxd4 4. Nxd4 Nf6 5. Nc3 d6 6. Be2 Be7 7. O-O O-O 8. Be3
Nc6 9. f4 a6 10. Bf3 Qc7 11. Kh1 Re8 12. Nxc6 bxc6 13. g4 d5 14. e5 Nd7 15. Ne2
c5 16. c4 Nb6 17. cxd5 Nxd5 18. Bd2 Rb8 19. Qc2 Bb7 20. Ng3 Nb4 21. Bxb4 Bxf3+
22. Rxf3 Rxb4 23. Qg2 Reb8 24. Rf2 Bh4 25. Rc1 Qd7 26. Rd2 Rd4 27. Rcd1 Rxd2 28.
Rxd2 Qa4 29. Ne4 Qxa2 30. Nxc5 Qb1+ 31. Qg1 Rxb2 32. Qxb1 Rxb1+ 33. Kg2 a5 34.
Kh3 Be7 35. Nd7 Rb3+ 36. Kg2 a4 37. Rc2 f6 38. Rc8+ Kf7 39. Ra8 a3 40. h4 Rb2+
41. Kf3 a2 42. exf6 gxf6 43. g5 Rb3+ 0-1

[Event "Druzynowe Mistrzostwa Polski w Szachach I LIGA 2021"]
[Site "Szklarska Poreba"]
[Date "1899-12-30"]
[Round "6.6"]
[White "Warakomska, Anna"]
[Black "Lach, Aleksandra"]
[Result "0-1"]
[WhiteTitle "WGM"]
[BlackTitle "WIM"]
[WhiteElo "2279"]
[BlackElo "2157"]

1. d4 Nf6 2. c4 e6 3. g3 Bb4+ 4. Nd2 O-O 5. Bg2 d5 6. Qc2 Nbd7 7. Ngf3 Bxd2+ 8.
Nxd2 c6 9. O-O e5 10. cxd5 Nxd5 11. e4 N5b6 12. Nb3 exd4 13. Rd1 Qe7 14. Nxd4
Ne5 15. h3 c5 16. Nb5 Bd7 17. Nc3 Bc6 18. b3 c4 19. Be3 Rac8 20. Bd4 Ned7 21.
Qe2 Qe6 22. Qb2 f6 23. f4 Rfe8 24. Kh2 Kh8 25. Re1 Qf7 26. b4 Na4 27. Nxa4 Bxa4
28. e5 fxe5 29. fxe5 Nf8 30. Bxa7 c3 31. Qf2 Qxf2 32. Bxf2 b5 33. Rac1 c2 34.
Bd5 Ne6 35. Re2 Rc3 36. Be1 Rd3 37. Bb3 Bxb3 38. axb3 Nd4 39. Rexc2 Nxc2 40. Rxc2
Re3 41. Bf2 R3xe5 42. Kg2 Re2 43. Rxe2 Rxe2 44. Kf3 Rb2 45. Bc5 Rxb3+ 46. Kf4
Kg8 47. h4 Kf7 48. h5 Rc3 49. g4 Rc4+ 50. Kf5 g6+ 51. Kg5 h6+ 52. Kxh6 Rxg4 53.
hxg6+ Rxg6+ 54. Kh5 Rg2 55. Kh4 Ke6 56. Kh3 Rg8 0-1

[Event "Druzynowe Mistrzostwa Polski w Szachach I LIGA 2021"]
[Site "Szklarska Poreba"]
[Date "1899-12-30"]
[Round "6.7"]
[White "Marszalek, Maciej"]
[Black "Kovalenko, Igor"]
[Result "0-1"]
[WhiteTitle "FM"]
[BlackTitle "GM"]
[WhiteElo "2291"]
[BlackElo "2651"]

1. d4 Nf6 2. c4 g6 3. g3 Bg7 4. Bg2 d6 5. Nf3 O-O 6. Nc3 a6 7. O-O Nc6 8. b3 Rb8
9. d5 Na5 10. Bg5 h6 11. Bd2 c5 12. dxc6 Nxc6 13. Rc1 Be6 14. Bf4 Kh7 15. Qd2
Qa5 16. Rfd1 Rfc8 17. Ne1 Bf5 18. Nd5 Qxd2 19. Nxf6+ Bxf6 20. Rxd2 b6 21. Nd3
a5 22. Be3 g5 23. a4 Bd4 24. Bxc6 Bxe3 25. fxe3 Rxc6 26. Rf1 Kg6 27. Nf2 f6 28.
e4 Be6 29. Nd1 Rc5 30. Nc3 Re5 31. Rd4 Kf7 32. Rc1 h5 33. Kf2 Bd7 34. Rd5 Re6
35. Rd4 Bc6 36. Nd5 Re5 37. Rb1 Rh8 38. h3 Kg6 39. Rc1 Rc8 40. Rc3 Rb8 41. Re3
Kf7 42. Rd1 Bd7 43. Kg2 Be6 44. Nc7 Bf5 45. Rd4 Bg6 46. Nd5 Ke8 47. Kf2 Kd7 48.
Nc3 Bf7 49. Red3 Kc6 50. Nd5 Kc5 51. Ke3 f5 52. Nc3 Rf8 53. Kd2 f4 54. gxf4 gxf4
55. Nd1 Rg8 56. Kc3 Rg3 57. Nf2 Kc6 58. h4 Be6 59. Rf3 Bg4 60. Rxg3 fxg3 61. Nxg4
hxg4 62. Rd3 Rh5 63. Rxg3 Rxh4 64. e3 Kc5 65. Rg1 Rh3 66. Rxg4 Rxe3+ 67. Kc2 Kb4
68. Kd2 Rxb3 69. e5 dxe5 70. Re4 Kc5 71. Rxe5+ Kxc4 72. Rxe7 Rb4 73. Re6 Kb3 0-1

[Event "Druzynowe Mistrzostwa Polski w Szachach I LIGA 2021"]
[Site "Szklarska Poreba"]
[Date "1899-12-30"]
[Round "6.8"]
[White "Neiksans, Arturs"]
[Black "Pulpan, Jakub"]
[Result "1-0"]
[WhiteTitle "GM"]
[BlackTitle "IM"]
[WhiteElo "2565"]
[BlackElo "2418"]

1. e4 c5 2. Nf3 d6 3. Bb5+ Bd7 4. Bxd7+ Nxd7 5. O-O Ngf6 6. Qe2 Rc8 7. d3 g6 8.
Nc3 Bg7 9. Bg5 h6 10. Bd2 e5 11. Nh4 O-O 12. g3 Re8 13. Ng2 Nf8 14. Ne3 Ne6 15.
f4 exf4 16. gxf4 d5 17. exd5 Nc7 18. Qg2 b5 19. f5 g5 20. Rae1 Kh8 21. Kh1 b4
22. Ne4 Ncxd5 23. Nxd5 Qxd5 24. h4 Rcd8 25. Bc1 g4 26. Bxh6 Re5 27. Bg5 1-0

[Event "Druzynowe Mistrzostwa Polski w Szachach I LIGA 2021"]
[Site "Szklarska Poreba"]
[Date "1899-12-30"]
[Round "6.9"]
[White "Licznerski, Lukasz"]
[Black "Kolosowski, Mateusz"]
[Result "1/2-1/2"]
[WhiteTitle "FM"]
[BlackTitle "IM"]
[WhiteElo "2387"]
[BlackElo "2448"]

1. e4 e5 2. Nf3 Nc6 3. Bb5 Nge7 4. c3 d5 5. Nxe5 dxe4 6. Qe2 Be6 7. Qxe4 Bd5 8.
Qg4 h5 9. Qh3 Be6 10. Qf3 Bd5 11. Qh3 Be6 12. Qf3 Bd5 13. Qh3 Be6 1/2-1/2

[Event "Druzynowe Mistrzostwa Polski w Szachach I LIGA 2021"]
[Site "Szklarska Poreba"]
[Date "1899-12-30"]
[Round "6.10"]
[White "Sabuk, Piotr"]
[Black "Pinski, Jan"]
[Result "1-0"]
[WhiteTitle "IM"]
[BlackTitle "IM"]
[WhiteElo "2393"]
[BlackElo "2337"]

1. d4 Nf6 2. Nf3 e6 3. c4 b6 4. a3 Ba6 5. Qc2 d5 6. cxd5 exd5 7. g3 Be7 8. Bg2
O-O 9. O-O c5 10. Rd1 Nc6 11. Nc3 Rc8 12. Qa4 Bb7 13. Bg5 c4 14. Ne5 Na5 15. Qc2
h6 16. Bf4 Re8 17. h4 b5 18. e3 Nb3 19. Rab1 b4 20. axb4 Bxb4 21. Qf5 Bxc3 22.
bxc3 Qe7 23. g4 Ba6 24. g5 hxg5 25. Bxg5 Qe6 26. Qf3 Ne4 27. Bh3 Nbd2 28. Qg2
Qd6 29. Rbc1 Nb3 30. Rc2 Nxg5 31. Bxc8 Bxc8 32. hxg5 Bf5 33. Ra2 a5 34. Qg3 Ra8
35. Kg2 Kf8 36. Qf4 Bh7 37. Qxf7# 1-0

[Event "Druzynowe Mistrzostwa Polski w Szachach I LIGA 2021"]
[Site "Szklarska Poreba"]
[Date "1899-12-30"]
[Round "6.11"]
[White "Lukasiewicz, Krzysztof"]
[Black "Dubinski, Mateusz"]
[Result "1/2-1/2"]
[WhiteTitle "FM"]
[BlackTitle "FM"]
[WhiteElo "2290"]
[BlackElo "2223"]

1. d4 Nf6 2. Nf3 d5 3. c4 e6 4. Nc3 c5 5. cxd5 Nxd5 6. e4 Nxc3 7. bxc3 cxd4 8.
cxd4 Bb4+ 9. Bd2 Bxd2+ 10. Qxd2 O-O 11. Bc4 Nc6 12. O-O b6 13. Rfd1 Bb7 14. Qf4
Rc8 15. d5 exd5 16. Bxd5 Qe7 17. Rd2 Nd8 18. Rad1 Ne6 19. Qe5 Rfe8 20. Bxe6 Qxe6
21. Qxe6 Rxe6 22. Ng5 Ree8 23. Rd7 Bxe4 24. Nxe4 Rxe4 25. Rxa7 h5 26. g3 Re6 27.
Rd2 g6 28. Rb7 Kg7 29. Rb2 Rcc6 30. Kg2 Rcd6 31. h4 Rc6 32. Rd2 1/2-1/2

[Event "Druzynowe Mistrzostwa Polski w Szachach I LIGA 2021"]
[Site "Szklarska Poreba"]
[Date "1899-12-30"]
[Round "6.13"]
[White "Zylka, Stanislaw"]
[Black "Skawinski, Arkadiusz"]
[Result "1/2-1/2"]
[WhiteTitle "FM"]
[BlackTitle "FM"]
[WhiteElo "2312"]
[BlackElo "2359"]

1. e4 e6 2. d4 d5 3. Nd2 c5 4. Ngf3 cxd4 5. exd5 Qxd5 6. Bc4 Qd7 7. O-O Nc6 8.
Nb3 Nf6 9. Qe2 a6 10. a4 Bd6 11. Rd1 O-O 12. Nbxd4 e5 13. Nxc6 Qxc6 1/2-1/2